00693nam a2200169 a 450000100100000000500170001000800410002704000250006808200210009310000220011424501470013626000680028330000210035160000550037265100740042770000220050100004761020201002060632.0180705s2017 dr 000 o spa d aDO-SdBNPbspacBNPHU a923.27293bH429s1 aSilva, Benjamín10aMi San Pedro :blabor como síndico municipal de Don José A. Azim Azar, compendio de actas de Sala Capitular 1950-1951 /cBenjamín Silva. aSanto Domingo, República Dominicana :bGrupo Creativo,c2017. a593 p. ;c20 cm.14aHAZIM AZAR, DON JOSÉ A.d1913-1999vBiografías 4aSan Pedro De Macoríx (República Dominicana{Rpara}xHistoria Local1 aSilva, Benjamín